| 000 | 00721nas a2200241 4500 | ||
|---|---|---|---|
| 001 | BR7600092 | ||
| 003 | BR-BrBNA | ||
| 005 | 20231205082846.0 | ||
| 007 | ta | ||
| 008 | 230509b bl.|||p| |||| 00| 00por d | ||
| 040 |
_aBR-BrBNA _bpor _cBiblioteca Nacional de Agricultura |
||
| 041 | _a(Pt) | ||
| 072 | _aF50; K10 | ||
| 100 | 1 | _aRichter, H.G. | |
| 100 | 1 | _aNock, H.P. | |
| 100 | 1 | _aReichmann Neto, F. | |
| 245 | 1 | _aBicuiba (Virola oleifera), 1: Aspectos dendrologicos da especie e descricao macro e microscopica da madeira | |
| 650 | _aBICUIBA | ||
| 650 | _aMADEIRA | ||
| 773 | 0 |
_tFloresta (Brazil) _x _g(Jun 1975), v. 6(1) p. 36-42 _wBR7600092 |
|
| 909 |
_a202311 _bLúcia _c55 _dLúcia Elande |
||
| 942 |
_2AGRIS _n0 _cANA |
||
| 999 |
_c94674 _d94674 |
||